Music Quiz

Random Music or Clickable Quiz

Similar Musician Names Quiz Stats

 Plays Quiz Updated Oct 26, 2017

Challenge
Share
Tweet
Embed
Score 0/40 Timer 08:00
2 Plays Today
% Correct
Aguilera
96.7%
Jackson
94.9%
Clarkson
93.8%
Timberlake
93.7%
Pharrell
93.5%
Harrison
93.3%
Spice
92.6%
Snoop
92.6%
Michael
92.2%
Eyed Peas
90.7%
Rae Jepsen
89.8%
CeeLo
87.6%
Bublé
87.5%
Costello
86.7%
Presley
85.8%
Simon
82.1%
Keys
81.9%
Rowland
81.1%
Velvet
79.9%
Radicals
78.9%
% Correct
Bieber
78.3%
Weather
77.8%
Digital
77.7%
DeRulo
77.3%
Mraz
75.8%
Chris
75.2%
James
74.9%
Bobby
74.5%
Edition
73.1%
Kim
72.6%
Al
71.2%
Robbie
71%
Irene
70.1%
Hayley
66%
Alessia
64.5%
Nate
63.5%
Perri
60.9%
Wayne
60.9%
Sembello
53.4%
Jon
41.4%

You're not logged in!

Compare scores with friends on all Sporcle quizzes.
Join for Free
OR
Log In

You Might Also Like...

Show Comments

Extras

Top Quizzes Today


Score Distribution

Your Account Isn't Verified!

In order to create a playlist on Sporcle, you need to verify the email address you used during registration. Go to your Sporcle Settings to finish the process.

Report this User

Report this user for behavior that violates our Community Guidelines.

Details: